[Event "XIV Figueira da Foz Open 2020"]
[Site "Figueira da Foz"]
[Date "2020.10.24"]
[Round "1.9"]
[White "Loeffler, Stefan"]
[Black "Navarro Martinez, Victor"]
[Result "0-1"]
[WhiteElo "2352"]
[BlackElo "1732"]
[Annotator "TA"]
[PlyCount "83"]
[EventDate "2020.10.24"]
[EventType "swiss"]
[EventCountry "POR"]
[SourceTitle "playchess.com"]
[Source "ChessBase"]
[SourceQuality "1"]

{[%evp 9,83,0,-4,10,34,20,104,85,97,110,103,10,205,197,185,195,210,210,203,199,141,157,288,209,178,26,51,-352,62,40,275,0,0,0,0,0,0,-288,-194,-291,-275,-479,-471,-438,-32,-307,-289,-349,-355,-639,-639,-680,-621,-761,-702,-677,-487,-1181,-264,-253,-114,-558,-472,-581,-575,-623,-610,-764,-751,-12844,0,-669,0,-589,-530,-12841]} 1. e4 c5 2. f4 d5 3. exd5 Nf6 4. Bb5+ Nbd7 5. c4 a6 6. Bxd7+ {B21: Sicilian: 2 f4 and Morra Gambit.} Qxd7 ({Of course not} 6... Kxd7 $6 7. Nf3 $16) 7. Nf3 Qg4 (7... e6 $11 {remains equal.}) 8. O-O $16 {White is better.} Qxf4 9. d4 Qc7 {[#]} 10. b4 $146 ({White should play} 10. Kh1 $16) ({Predecessor:} 10. b3 cxd4 11. Ba3 Bg4 12. Qxd4 Bxf3 13. Rxf3 O-O-O 14. Rd3 e5 15. Qb2 Ng4 16. Bxf8 Rhxf8 {0-1 (29) Reineking,A-Tobisch,M Germany 1990}) 10... cxd4 $2 (10... cxb4 $11 11. Ne5 e6) 11. Qxd4 $18 e6 12. Bf4 Bd6 13. Bxd6 Qxd6 14. Nc3 $1 Qxb4 ({Better is} 14... O-O $18 15. c5 Qd8) 15. Ng5 $16 {Strongly threatening Rxf6.} h6 (15... O-O $16 {keeps fighting.}) 16. Nge4 Nxe4 17. Qxg7 $2 (17. Nxe4 $18 O-O 18. Rab1) 17... Qxc3 18. Qxf7+ Kd8 19. Rad1 $1 {Intending d6 and mate.} Qe5 $2 ({Much worse is} 19... Qe3+ $6 20. Kh1 $16) (19... Nd6 $1 $14 20. Qf4 e5 21. Qf6+ {[%mdl 64] Double Attack} Kc7 22. Qxh8 Kb8) 20. dxe6+ $2 (20. c5 $1 $18 {Threatening mate with dxe6+.} Nd2 21. Rxd2) 20... Nd6 $11 {[%mdl 64] [#] Double Attack} 21. c5 $1 {[%mdl 512]} Qxc5+ 22. Kh1 $1 Qe5 23. Rf6 $2 {[%mdl 8192] Black converts the advantage convincingly.} (23. Qf2 $1 $11 {and White is okay.} Kc7 24. Rfe1) 23... Qe1+ 24. Rf1 (24. Rxe1 {only move.} Nxf7 25. exf7) 24... Qxe6 $19 25. Qf4 $2 (25. Qf2 Kd7 26. Rfe1) 25... Kc7 {White must now prevent ...Bd7.} 26. Rfe1 {[#]} Qd7 $2 ({Black should try} 26... Qg6 $1 $19 27. Rd2 Bd7) 27. Qf6 $1 $15 {[#] And now Re7! would win.} Rh7 $1 {[%cal Rh7f7] Hoping for ...Rf7.} 28. Rd3 Rf7 29. Qg6 $2 {[#]} (29. Rc1+ Kb8 30. Qxh6) 29... Qe6 $1 $19 {[%cal Re6e1][%mdl 512]} 30. Qg3 (30. Rxe6 Rf1#) 30... Qf6 31. h3 Bd7 32. Red1 Qf4 33. Qe1 (33. Qxf4 $142 Rxf4 34. Rxd6) 33... Ne4 $2 (33... Bc6 34. Rc1 Rg8) 34. Rf3 {[#]} Ng3+ $1 35. Rxg3 $2 {[%mdl 8192]} (35. Kg1 $17 {nothing else works.} Re8 36. Qa5+ (36. Qc3+ $2 Kb8 $19) 36... Kc8 37. Rxf4 Ne2+ {[%mdl 64] Double Attack, Zwischenzug} 38. Kh2 Nxf4 39. Rd6) (35. Qxg3 Qxg3) 35... Bc6 36. Rg6 {and if Qa5+ works, White does fine.} Raf8 37. Qa5+ Kb8 38. Qc5 Qe4 {Threatens to win with ...Rf1+.} 39. Kh2 Qf4+ 40. Kh1 Qe4 $2 (40... Qc7 $19 {( -> ...Bxg2+!)} 41. Qc1 Rf2) 41. Rg4 $2 {[%mdl 8192]} (41. Kh2 $1 $11 {and White stays safe.} Qxg6 42. Qd6+ Qxd6+ 43. Rxd6) 41... Qe7 42. Qb6 {Av CentiPawn Loss W=-182/B=-114. Weighted=-173/-144} 0-1

[Event "XIV Figueira da Foz Open 2020"]
[Site "Figueira da Foz"]
[Date "2020.10.24"]
[Round "1.10"]
[White "Movsisyan, Tigran"]
[Black "Dias, Paulo"]
[Result "0-1"]
[WhiteElo "1730"]
[BlackElo "2338"]
[Annotator "TA"]
[PlyCount "76"]
[EventDate "2020.10.24"]
[EventType "swiss"]
[EventCountry "POR"]
[SourceTitle "playchess.com"]
[Source "ChessBase"]
[SourceQuality "1"]

{[%evp 14,76,0,-20,-20,-20,-20,-20,-20,-20,-20,-20,-20,-20,-22,-89,-8,-8,-8,-31,-8,-16,-8,0,0,-4,0,0,0,-16,0,0,9,-16,-9,-20,-8,-14,-14,-9,-20,-39,-43,-47,-38,-29,-29,-33,-12,-75,-78,-29954,-29954,-11033,-638,-634,-626,-577,-606,-29960,-12841,-29976,-29977,-29977,-29978]} 1. e4 e5 2. Nf3 Nc6 3. d4 exd4 4. Nxd4 Nf6 5. Nc3 Bb4 6. Nxc6 bxc6 7. Bd3 d5 8. O-O Bxc3 {C47: Scotch Four Knights and Four Knights with 4 g3.} 9. bxc3 dxe4 10. Qe2 O-O {The position is equal.} 11. Bxe4 Re8 12. Bg5 Bf5 13. f3 $1 Qd6 {[%cal Rf5e4]} 14. Qf2 {[#]} (14. Bxf6 $11 {remains equal.} Qxf6 15. Qc4 Bxe4 16. fxe4) 14... Bxe4 $146 ({Black should play} 14... Nxe4 $17 15. fxe4 Bg6) ({Predecessor:} 14... Nxe4 15. fxe4 Bg6 16. Bf4 Qa3 17. Bxc7 Rxe4 18. Rad1 Rae8 19. Rde1 Rxe1 20. Rxe1 Rxe1+ 21. Qxe1 h6 22. Qe8+ Kh7 23. Qxc6 Qc1+ {0-1 (23) Thieme,J-Poesch,N DESC email 2004}) 15. fxe4 $11 Nxe4 16. Qxf7+ Kh8 {[#] Threatens to win with ...Qc5+.} 17. Rae1 Rf8 18. Qe7 Rxf1+ 19. Rxf1 Qxe7 (19... Nxg5 {is interesting.} 20. Qxg5 h6 21. Qf4 Re8 22. Qd4 a5) 20. Bxe7 Nxc3 {[%mdl 4096] Endgame KRB-KRN} 21. Bb4 Nxa2 22. Ba5 {Ra1 is the strong threat.} c5 23. Bxc7 Kg8 24. Rd1 Re8 25. Ra1 Nb4 26. Rxa7 Nxc2 27. Ba5 Nd4 28. Rc7 Re5 (28... Ra8 {is more complex.} 29. Bb6 Ne6 30. Re7 Nf4 31. Ba7 Rc8) 29. Bb6 Ne6 30. Re7 c4 31. Bd4 (31. Bc7 $11 Re2 32. Kf1) 31... Kf8 $17 {White must now prevent ...Re1+.} 32. Rxg7 $2 {[%mdl 8192] [#] This move loses the game for White.} (32. Rd7 $17 Rb5 33. Be3) 32... Nxd4 {KRN-KR} 33. Rc7 Re1+ 34. Kf2 Re2+ 35. Kf1 Rc2 36. h4 c3 {[%cal Bc4c3,Bc3c2][%mdl 32]} 37. g4 Rc1+ 38. Kg2 c2 {Av CentiPawn Loss W=543/B=-69. Weighted=90/-71} 0-1

[Event "XIV Figueira da Foz Open 2020"]
[Site "Figueira da Foz"]
[Date "2020.10.24"]
[Round "1.11"]
[White "Antolak, Julia"]
[Black "Soares, Sara Joana De Moura "]
[Result "1-0"]
[WhiteElo "2313"]
[BlackElo "1654"]
[Annotator "TA"]
[PlyCount "53"]
[EventDate "2020.10.24"]
[EventType "swiss"]
[EventCountry "POR"]
[SourceTitle "playchess.com"]
[Source "ChessBase"]
[SourceQuality "1"]

{[%evp 22,53,42,35,43,35,63,54,55,31,37,37,52,45,62,57,54,57,58,62,49,59,50,58,235,237,565,556,831,825,816,540,783,777]} 1. e4 c5 2. Nf3 g6 3. d4 cxd4 4. Nxd4 Nc6 5. Nc3 Bg7 6. Be3 Nf6 7. Bc4 Qa5 8. O-O O-O 9. Bb3 d6 10. h3 Bd7 11. Re1 Nxd4 12. Bxd4 Bc6 {B35: Sicilian: Accelerated Dragon with 5 Nc3: main line.} 13. Nd5 Bxd5 14. exd5 Rfe8 {White is slightly better.} 15. Qf3 {[#]} Rac8 $146 ({Predecessor:} 15... Nd7 16. Bxg7 Kxg7 17. Re2 Rac8 18. Rae1 Rc7 19. a3 Nf6 20. c3 Qc5 21. Rd1 b5 {½-½ (51) Urban,K (2272)-Voege,T (2149) Hannover 2017}) 16. Re3 a6 17. Rae1 Qd8 18. c3 Nd7 19. Bxg7 Kxg7 20. Qe2 Kf8 21. Qd2 Nf6 22. Qd4 Rc5 $2 {[#] This costs Black the game.} (22... Kg8 $14) 23. g4 $1 $18 Kg8 $2 {[#]} (23... h6 24. h4 Qc8) 24. Qxf6 $1 {[%cal Re3e7][%mdl 576] Remove Defender. White is clearly winning.} exf6 25. Rxe8+ Qxe8 26. Rxe8+ Kg7 27. Rd8 {Av CentiPawn Loss W=-5/B=-71. Weighted=-2/-88} 1-0

[Event "XIV Figueira da Foz Open 2020"]
[Site "Figueira da Foz"]
[Date "2020.10.24"]
[Round "1.12"]
[White "Marcal, Armando Paulo Gomes"]
[Black "Cumming, Rhys"]
[Result "0-1"]
[WhiteElo "1652"]
[BlackElo "2299"]
[Annotator "TA"]
[PlyCount "32"]
[EventDate "2020.10.24"]
[EventType "swiss"]
[EventCountry "POR"]
[SourceTitle "playchess.com"]
[Source "ChessBase"]
[SourceQuality "1"]

{[%evp 19,32,0,0,-56,-49,-57,-47,-66,-20,-79,-82,-347,-312,-335,-317]} 1. e4 c5 2. Nf3 Nc6 3. d4 cxd4 4. Nxd4 g6 5. Nc3 Bg7 6. Be3 Nf6 7. Be2 O-O 8. O-O d5 9. exd5 Nxd5 10. Nxd5 Qxd5 11. c4 {B34: Sicilian: Accelerated Dragon with 5 Nc3: sidelines.} (11. Bf3 $11 Qc4 12. Nxc6 bxc6 13. c3) 11... Qa5 $1 $15 {[#] White must now prevent ...Nxd4.} 12. Nxc6 bxc6 13. Bf3 {[#]} Bf5 $146 ({Predecessor:} 13... Rd8 14. Qb3 Be6 15. Rac1 Rdc8 16. Bf4 Qb6 17. Qa4 Bf5 18. b4 e5 19. Be3 Qc7 {1-0 (33) Pyvovar,I-Mattern,A Germany 2006}) 14. Qe2 (14. Bxc6 $11 {keeps the balance.} Rac8 15. Bd7) 14... Rab8 $17 15. g4 $2 {[%mdl 8192] [#]} (15. Bd2 $17 Qd8 16. Bg5) 15... Rxb2 $19 16. Qe1 Bc3 {White did not feel at home in the position after the opening.} 0-1

[Event "XIV Figueira da Foz Open 2020"]
[Site "Figueira da Foz"]
[Date "2020.10.24"]
[Round "1.13"]
[White "Santos, Jose Guilherme B Lim"]
[Black "Fonseca, Pedro Miguel Ramos"]
[Result "1-0"]
[WhiteElo "2229"]
[BlackElo "1590"]
[Annotator "TA"]
[PlyCount "39"]
[EventDate "2020.10.24"]
[EventType "swiss"]
[EventCountry "POR"]
[SourceTitle "playchess.com"]
[Source "ChessBase"]
[SourceQuality "1"]

{[%evp 17,39,-26,-6,-35,30,20,16,16,49,52,108,113,142,89,111,89,240,245,368,356,449,422,385,395]} 1. c4 Nf6 2. Nc3 e5 3. Nf3 Nc6 4. g3 d5 5. cxd5 Nxd5 6. d3 Be7 7. Bg2 Be6 8. O-O O-O 9. Bd2 {9.a3 is not played anymore.} f5 10. Qc2 {[#] A29: English Opening: Four Knights Variation with 4 g3.} Nxc3 $146 (10... Nb6 $15) ({Predecessor:} 10... Qd7 11. Rac1 Rad8 12. Na4 Ndb4 13. Bxb4 Nxb4 14. Qd1 e4 {0-1 (14) Von Rosenberg,C-Malmstroem,J DESC email 2005}) 11. Bxc3 $11 Bf6 12. Rfd1 {The position is equal.} Qe8 13. b4 e4 ({Black should try} 13... Rd8 $14) 14. dxe4 $16 fxe4 15. Nd4 (15. Qxe4 $142 {Strongly threatening Bxf6.} Bb3 16. Qxe8 Raxe8 17. Rdc1 (17. axb3 Bxc3 18. Ra4 Rxe2 $16) 17... Bxc3 18. Rxc3) 15... Bxd4 16. Bxd4 Qf7 $2 {[#]} (16... Nxd4 $16 {was called for.} 17. Rxd4 e3) 17. Bc5 $1 $18 ({Don't take} 17. Qxe4 $6 Nxd4 18. Qxd4 c6 $16) 17... Bf5 (17... Rfe8 {was necessary.} 18. Bxe4 g6) 18. Bxf8 e3 19. Qc5 exf2+ 20. Qxf2 {Black got outplayed after the opening. Av CentiPawn Loss W=-11/B=-53. Weighted=-8/-49} 1-0

[Event "XIV Figueira da Foz Open 2020"]
[Site "Figueira da Foz"]
[Date "2020.10.24"]
[Round "1.14"]
[White "Dias, Jose Oliveira Gaspar"]
[Black "Garcia Dorado, Alberto"]
[Result "0-1"]
[WhiteElo "1589"]
[BlackElo "2181"]
[Annotator "TA"]
[PlyCount "82"]
[EventDate "2020.10.24"]
[EventType "swiss"]
[EventCountry "POR"]
[SourceTitle "playchess.com"]
[Source "ChessBase"]
[SourceQuality "1"]

{[%evp 9,82,-4,0,-13,-16,-22,-4,-4,-8,-16,0,-8,-12,-14,22,10,18,26,32,27,34,-15,14,-39,-32,-66,-61,-56,-70,-79,-68,-80,-52,-58,-76,-189,-188,-168,-183,-446,-418,-442,-425,-490,-490,-489,-489,-502,-497,-484,-426,-806,-530,-621,-610,-981,-977,-979,-968,-985,-984,-975,-959,-922,-922,-897,-889,-912,-865,-985,-984,-976,-970,-918,-914]} 1. b4 Nf6 2. Bb2 e6 3. b5 b6 4. e3 Bb7 5. Nf3 c5 6. bxc6 {A00: Irregular Openings.} Nxc6 7. Be2 Be7 8. O-O {The position is equal.} O-O 9. c4 Rc8 {[#]} 10. Nc3 $146 ({Predecessor:} 10. Ne5 Nxe5 11. Bxe5 d5 12. Bb2 dxc4 13. Na3 b5 14. Nxb5 Qd5 15. Bf3 Qxb5 16. Rb1 Bxf3 17. Qxf3 Qd5 18. Bd4 Ne4 19. Qg4 e5 20. Ba1 Nxd2 {0-1 (20) Dicks,S (1522)-Nemec,Z (2049) IECG email 2004}) 10... d5 11. cxd5 exd5 12. Nb5 Ne4 13. Rc1 Qd7 14. d3 Nd6 15. Nc3 Bf6 16. Qd2 ({White should try} 16. Ne1 $11) 16... Qe6 $15 17. a3 d4 18. Nd1 Rfd8 19. Re1 {[%cal Re3d4]} dxe3 20. Qxe3 Qf5 21. Bxf6 Qxf6 22. Qg5 {White is on the road to losing.} (22. Bf1 $17 {was necessary.}) 22... Qxg5 $19 23. Nxg5 Nd4 $36 {[%mdl 2048] Black is on the roll.} 24. Nc3 $2 (24. Rxc8 Rxc8 25. Bf3) 24... Nb3 25. Rc2 {[#]} Nb5 $1 {[%mdl 512] Black is clearly winning.} 26. Bg4 (26. Nxb5 Rxc2) 26... Rxc3 27. Rxc3 Nxc3 28. Re7 Bd5 29. Rxa7 h6 30. Nh3 (30. Ne4 $142 Nxe4 31. dxe4 Bxe4 32. f3) 30... Nc5 {[#] Threatens to win with ...Re8.} 31. Nf4 Bb7 32. d4 Rxd4 33. g3 Nb5 34. Rxb7 Nxb7 35. Bf3 Nc5 36. Nd5 Nd7 37. Ne7+ Kf8 38. Nf5 Rc4 39. a4 Nd4 40. Nxd4 Rxd4 41. Bc6 Nc5 {Av CentiPawn Loss W=-44/B=-16. Weighted=-45/-22} 0-1

[Event "XIV Figueira da Foz Open 2020"]
[Site "Figueira da Foz"]
[Date "2020.10.24"]
[Round "1.15"]
[White "Fernandes, Miguel A. Murtinho"]
[Black "Silva, Jose Lucas Ferreira"]
[Result "1-0"]
[WhiteElo "2139"]
[BlackElo "1336"]
[Annotator "TA"]
[PlyCount "69"]
[EventDate "2020.10.24"]
[EventType "swiss"]
[EventCountry "POR"]
[SourceTitle "playchess.com"]
[Source "ChessBase"]
[SourceQuality "1"]

{[%evp 16,68,25,29,82,60,179,175,200,214,189,115,522,498,515,510,620,522,629,574,695,654,602,441,456,427,442,425,409,410,477,468,550,549,530,530,545,502,540,545,498,528,678,663,761,753,750,710,978,972,919,909,29998,29999,29999]} 1. d4 Nf6 2. c4 e6 3. Nf3 d5 4. Nc3 c5 5. e3 Nc6 6. a3 a6 7. cxd5 Nxd5 8. Bd3 cxd4 9. exd4 b5 {D42: Queen's Gambit Declined: Semi-Tarrasch: 5 cxd5 Nxd5 6 e3 Nc6 7 Bd3 .} (9... Be7 $11 {remains equal.}) 10. O-O {[#]} Qb6 $146 (10... Nf6 $14) ({Predecessor:} 10... Bb7 11. Re1 Be7 12. Nxd5 Qxd5 13. Be4 Qd6 14. Be3 f5 15. Bc2 O-O 16. Qe2 Rf6 17. Bg5 {1-0 (78) Staniak,M (1949)-Szewczak,A (1939) Warsaw 2009}) 11. Re1 {Black must now prevent Nxd5.} Be7 {White is clearly better.} 12. Nxd5 exd5 {[#]} 13. Bg5 (13. Ng5 $1 $18) 13... O-O $2 {[%mdl 8192] This move loses the game for Black.} (13... h6 $16 {is tougher.} 14. Bf4 (14. Bxe7 Nxe7 15. Rc1 Be6 $16) 14... Be6) 14. Bxe7 $18 Nxe7 15. Rxe7 Be6 16. Qd2 a5 17. Rc1 Rfc8 18. Rxc8+ Rxc8 19. h3 Kf8 20. Rxe6 ({Weaker is} 20. Qg5 h6 $18) 20... Qxe6 21. Bxb5 Qb6 22. a4 f6 23. g3 Qe6 24. Kg2 Qb6 25. Qd3 g6 26. h4 Kg7 27. Qe3 Qd6 {[#]} 28. h5 $1 g5 {[#]} (28... gxh5 29. Nh4) 29. h6+ $1 Kf7 (29... Kxh6 30. Nh4) 30. Qd3 Kg8 31. Qf5 Rc7 32. Nh2 Rf7 33. Ng4 Kf8 34. Qc8+ Ke7 35. Qe8# {Av CentiPawn Loss W=82/B=-105. Weighted=19/-181} 1-0

[Event "XIV Figueira da Foz Open 2020"]
[Site "Figueira da Foz"]
[Date "2020.10.24"]
[Round "1.16"]
[White "Fernandes, Rui Miguel"]
[Black "Margarido, Jose Miguel Teixeira"]
[Result "0-1"]
[WhiteElo "1027"]
[BlackElo "2138"]
[Annotator "TA"]
[PlyCount "74"]
[EventDate "2020.10.24"]
[EventType "swiss"]
[EventCountry "POR"]
[SourceTitle "playchess.com"]
[Source "ChessBase"]
[SourceQuality "1"]

{[%evp 9,74,-160,-169,-180,-126,-127,-118,-104,-105,-213,-175,-632,-623,-625,-624,-611,-614,-709,-708,-1045,-1036,-1018,-1006,-1460,-1474,-1335,-1234,-1216,-1041,-1233,-1210,-1224,-1215,-1199,-1183,-1301,-1300,-1400,-1206,-1830,-1447,-1870,-1904,-1637,-984,-1000,-979,-945,-982,-1156,-1153,-1242,-1059,-1473,-1458,-1344,-1173,-29949,-12288,-29964,-29966,-11664,-11664,-5137,-5102,-5002,-4906]} 1. d4 Nf6 2. c4 e6 3. Nc3 Bb4 4. Qc2 c5 5. Bg5 cxd4 {[%mdl 64] Pin} 6. a3 {[#] E38: Nimzo-Indian: Classical: 4...c5.} Be7 {[#]} ({Not} 6... dxc3 7. axb4 cxb2 8. Qxb2 $15) (6... Qa5 $1 $19 7. Bxf6 gxf6) 7. Ne4 $146 ({Predecessor:} 7. Na2 O-O 8. Nf3 Nc6 9. Rd1 e5 10. g3 d5 11. Bg2 dxc4 12. O-O Be6 13. Nb4 Nxb4 14. axb4 {0-1 (33) Hornburg,G (1365)-Cordioli,J (1858) Florianopolis 2019}) 7... O-O 8. Nf3 {Black is better.} Nc6 9. Nfd2 (9. Nxf6+ $17 Bxf6 10. Bxf6 Qxf6 11. Rd1) 9... d5 10. c5 $2 (10. Nxf6+ Bxf6 11. Bxf6 Qxf6 12. g3) 10... Nxe4 $19 11. Bxe7 Qxe7 12. Nxe4 dxe4 13. Qxe4 Qxc5 14. g3 Qa5+ 15. Kd1 e5 16. Rc1 Be6 17. Qd3 {[#]} e4 $1 18. Qd2 (18. Qxe4 Bb3+) 18... Qf5 19. Qf4 Bb3+ 20. Ke1 Qa5+ 21. Qd2 Qb6 22. Bg2 e3 23. Qd3 Ne5 24. Qe4 exf2+ 25. Kxf2 d3+ 26. e3 d2 {Strongly threatening ...Qf6+.} 27. Qxe5 dxc1=Q 28. Rxc1 Rad8 29. Qc3 Rfe8 30. Re1 Bd5 31. Bxd5 Rxd5 32. Re2 Rf5+ 33. Ke1 Rc5 34. Qd4 Rc1+ 35. Kf2 Qxd4 {Black is clearly winning.} 36. exd4 Rxe2+ 37. Kxe2 Rc2+ {[%mdl 64] Double Attack. Av CentiPawn Loss W=457/B=-97. Weighted=159/-135} 0-1

[Event "XIV Figueira da Foz Open 2020"]
[Site "Figueira da Foz"]
[Date "2020.10.24"]
[Round "1.19"]
[White "Santos, Antonio P"]
[Black "Costa, Joao Guerra"]
[Result "1-0"]
[WhiteElo "2123"]
[BlackElo "2150"]
[Annotator "TA"]
[PlyCount "49"]
[EventDate "2020.10.24"]
[EventType "swiss"]
[EventCountry "POR"]
[SourceTitle "playchess.com"]
[Source "ChessBase"]
[SourceQuality "1"]

{[%evp 16,49,32,35,89,87,144,104,118,85,91,47,48,41,236,231,921,538,1686,862,861,836,900,880,1011,995,1462,1584,1571,1514,29987,29988,29986,29978,29994,29995]} 1. d4 d5 2. c4 c6 3. Nf3 Nf6 4. Nc3 e6 5. Bg5 Nbd7 6. e3 Qa5 7. cxd5 Nxd5 8. Qd2 {8.Rc1 injects fresh life into this line. Played by Shakhriyar Mamedyarov in June 2020.} Bb4 9. Rc1 N7f6 {D52: Queen's Gambit Declined: Cambridge Springs Variation.} (9... O-O $14) 10. Bd3 $16 O-O (10... Nxc3 $142 11. bxc3 Be7) 11. O-O h6 {White is better.} 12. Bh4 {[#]} c5 $146 ({Predecessor:} 12... Nxc3 13. bxc3 Ba3 14. Rb1 {½-½ (14) Maurer,F (1950)-Ballon,G (2091) Bregenz 2019}) 13. a3 Bxc3 $1 14. bxc3 {[#] And now e4 would win.} Qxa3 $2 {This move loses the game for Black.} ({Black should play} 14... cxd4 $1 $14 15. cxd4 Qxd2 16. Nxd2 Bd7) 15. e4 $18 Ne7 $2 (15... c4) 16. Bxf6 gxf6 17. Ra1 Qxa1 18. Rxa1 Kh7 19. Qf4 f5 20. exf5 Nxf5 21. g4 {[%mdl 64] [#] Pin} Rg8 22. Kh1 cxd4 23. gxf5 {White mates.} exf5 24. Nxd4 Rg4 25. Qxg4 {Av CentiPawn Loss W=-87/B=-229. Weighted=-155/-170} 1-0

[Event "XIV Figueira da Foz Open 2020"]
[Site "Figueira da Foz"]
[Date "2020.10.24"]
[Round "1.20"]
[White "Santos, Luis Manuel Freire R"]
[Black "Pintor, Simao Maciel Abranch"]
[Result "0-1"]
[WhiteElo "1891"]
[BlackElo "2115"]
[Annotator "TA"]
[PlyCount "70"]
[EventDate "2020.10.24"]
[EventType "swiss"]
[EventCountry "POR"]
[SourceTitle "playchess.com"]
[Source "ChessBase"]
[SourceQuality "1"]

{[%evp 9,70,-15,0,-268,-259,-393,-270,-420,-431,-439,-431,-454,-416,-488,-354,-429,-354,-443,-439,-527,-423,-575,-214,-895,-884,-889,-864,-1137,-1139,-1099,-1130,-1117,-1111,-1184,-1149,-1159,-1120,-1207,-1174,-1356,-1289,-1409,-1383,-1398,-1395,-1614,-1610,-1606,-1601,-1589,-1562,-1925,-1845,-2159,-1868,-2258,-2289,-2654,-2431,-2056,-1944,-1895,-1859]} 1. e4 c5 2. Nf3 Nc6 3. Bc4 e6 4. O-O Nf6 5. Nc3 d5 6. d3 $2 {[%mdl 8192] B30: Sicilian: 2...Nc6 3 Bb5, lines without ...g6.} (6. exd5 $11 exd5 7. Bb3) 6... dxc4 $19 7. Bg5 (7. Bf4 $142) 7... Be7 {[#]} 8. Re1 $146 (8. dxc4 $142 h6 9. Bh4) ({Predecessor:} 8. Bxf6 Bxf6 9. Re1 cxd3 10. cxd3 O-O 11. Qb3 b6 12. Rad1 Bb7 13. Qc4 Ne5 14. d4 Nxc4 {0-1 (14) Taguchi,M-Hara,K Japan 2002}) 8... cxd3 9. cxd3 h6 10. Be3 O-O 11. Qd2 Nd4 12. Ne5 Nh7 13. Ng4 Ng5 14. Ne5 Qc7 15. Bf4 Qxe5 $2 (15... Bd6 16. Bxg5 Bxe5) 16. Kh1 $2 (16. Bxe5 Ndf3+ 17. gxf3 Nxf3+ {[%mdl 64] Double Attack} 18. Kg2 Nxd2 19. Red1) 16... Qf6 {Black is clearly winning.} 17. Red1 Bd7 18. a4 Nb3 {[%mdl 64] [#] Double Attack} 19. Qe3 Nxa1 20. Rxa1 Bc6 21. Kg1 e5 22. Bg3 Ne6 23. Ne2 Rfd8 24. Rd1 Bxa4 25. Rd2 {[#]} c4 $1 {Threatens to win with ...Bc5.} 26. Nc3 (26. dxc4 Bc5) 26... Bc5 27. Qf3 Qxf3 28. gxf3 Bb3 29. Bxe5 Rxd3 30. Nb1 Rad8 31. Bc3 Nf4 32. Ba5 b6 33. Bc3 Rxd2 34. Bxd2 Nh3+ 35. Kg2 Nxf2 {Black took control after the opening. Av CentiPawn Loss W=-105/B=-84. Weighted=-117/-125} 0-1